| 000 | 00675nam a2200217 4500 | ||
|---|---|---|---|
| 003 | OSt | ||
| 005 | 20240725083447.0 | ||
| 006 | a | ||
| 008 | 240725b |||||||| |||| 00| 0 eng d | ||
| 020 | _a9780071283212 | ||
| 040 |
_aDWCL-Main lib. _cOC |
||
| 082 |
_2Second edition _aCirc. 658.3 M113o 2009 |
||
| 100 | _aMcShane, Steven L. | ||
| 245 | _aOrganizational behavior : essentials / | ||
| 250 | _aSecond edition | ||
| 260 |
_aBoston : _bMcGraw-Hill/Irwin, _cc2009. |
||
| 300 |
_axxi, _b398 p. : col. ill. ; _c26 cm. |
||
| 504 | _aIncludes bibliographical references & index. | ||
| 650 | _a1. Organizational behavior. | ||
| 942 |
_2ddc _n0 _cBK-CIRC _eSecond edition _kCirc. |
||
| 999 |
_c2756 _d2756 |
||